Central Library OPAC University of Rajshahi

Introduction to matrices and linear transformations / (Record no. 6541)

MARC details
000 -LEADER
fixed length control field 00887cam a22002771 4500
001 - CONTROL NUMBER
control field 6541
003 - CONTROL NUMBER IDENTIFIER
rucl marc code BD-RjUL
005 - DATE AND TIME OF LATEST TRANSACTION
control field 20211208234249.0
008 - FIXED-LENGTH DATA ELEMENTS--GENERAL INFORMATION
fixed length control field 140111s19701968caua b 001 0 eng d
035 ## - SYSTEM CONTROL NUMBER
System control number (BD-RjUL)6582
040 ## - CATALOGING SOURCE
Original cataloging agency DLC
Transcribing agency DLC
Modifying agency DLC
-- BD-RjUL
Language of cataloging eng
041 ## - LANGUAGE CODE
Language code of text/sound track or separate title eng
082 00 - DEWEY DECIMAL CLASSIFICATION NUMBER
Classification number 512.896
Author mark and year FII 1970
100 1# - MAIN ENTRY--PERSONAL NAME
Personal name Finkbeiner, Daniel T.
Fuller form of name (Daniel Talbot),
Dates associated with a name 1919-
9 (RLIN) 20563
245 10 - TITLE STATEMENT
Title Introduction to matrices and linear transformations /
Statement of responsibility, etc. Daniel T. Finkbeiner,
250 ## - EDITION STATEMENT
Edition statement 2d ed.
260 ## - PUBLICATION, DISTRIBUTION, ETC. (IMPRINT)
Place of publication, distribution, etc. Bombay :
Name of publisher, distributor, etc. D. B. Taraporevala Sons,
Date of publication, distribution, etc. c1968 [reprinted 1970]
300 ## - PHYSICAL DESCRIPTION
Pagination xi, 297 p. :
Illustrations illus. ;
Size 23 cm.
490 0# - SERIES STATEMENT
Series statement A Series of books in mathematics
504 ## - BIBLIOGRAPHY, ETC. NOTE
Bibliography, etc Bibliography: p. [275]-277.
650 #0 - SUBJECT ADDED ENTRY--TOPICAL TERM
Topical term or geographic name as entry element Matrices.
9 (RLIN) 20595
Topical term or geographic name as entry element Algebras, Linear.
9 (RLIN) 20566
942 ## - ADDED ENTRY ELEMENTS (KOHA)
Source of classification or shelving scheme Dewey Decimal Classification
Koha item type Books
Holdings
Lost status Source of classification or shelving scheme Damaged status Not for loan Collection code Permanent Location Current Location Shelving location Date acquired Source of acquisition Total Checkouts Full call number Date last seen Copy number Koha item type
  Dewey Decimal Classification     Non-fiction Central Library, University of Rajshahi Central Library, University of Rajshahi   06/07/1976 U. S. I. S.   512.896 FII 1970 11/01/2014 C-7 Books
  Dewey Decimal Classification     Non-fiction Central Library, University of Rajshahi Central Library, University of Rajshahi   06/07/1976 Usis   512.896 FII 1970 30/08/2016 C-2 Books